| Registos Bibliográficos associados ao registo de autoridade |
|
Etiqueta de registo: 00254nam 2200025 450 001 2259070 003 http://id.bnportugal.gov.pt/bib/catbnp/2259070 100 ## $a20260202d2025 k y0pory01030103ba 101 0# $apor$deng 102 ## $aPT 105 ## $ay m 000yy 106 ## $ar 200 1# $a O sistema de ação social no ensino superior$emedidas e estratégias para a promoção da igualdade de oportunidades e dos direitos
dos estudantes$fHelena Isabel Carrilho Morgado$gorient. Inês Casquilho Duarte Martins 210 #9 $aLisboa$c[s.n.],$d2025 215 ## $a315 p.$d30 cm 328 #1 $aTese dout. Serviço Social, Instituto Superior Social de Lisboa, Universidade Lusíada,
2025 675 ## $a364.67(469)(043)$vBN$zpor$31787694 675 ## $a378.014.543.3(469)(043)$vBN$zpor$31988862 700 #1 $aMorgado,$bHelena Isabel Carrilho$31982940 702 #1 $aMartins,$bInês Casquilho$4727$31788506 801 #0 $aPT$bBN$gRPC 966 ## $lBN$mFGMON$sS.C. 168546 V.$x1 971 ## $cabrito$d20260202 972 ## $e0$z0$d20260313$vlrevez 973 ## $caalmeid$d20260304
|
|
|